• 首页
  • 本馆介绍
  • 公告通知
  • 最新文献
  • 馆藏检索
  • 电子资源
  • 读者导购
  • 参考咨询
  • 我的图书馆
  • 登录
  • 详细信息显示
  • 放入我的书架
  • 预约/预借图书
  • 作者相关作品
  • 分类相关作品
  • 丛书相关作品
  • 出版社相关作品

书目信息

  • 表格格式
  • 工作单格式
  • 卡片格式
题名:
基础电路分析
    
 
作者: 闻跃 编著
分册:  
出版信息: 北京   北方交通大学出版社  2003
页数: 347页
开本: 23cm
丛书名:
单 册:
中图分类: TM133
科图分类:
主题词: 电路分析
电子资源:
ISBN: 7-81082-196-2
000 00878nam0 2200241 45
001 002482628
005 20050329142026.0
010    @a7-81082-196-2@dCNY30.00
100    @a20031022d2003 em y0chiy0110 ea
101 0  @achi
102    @aCN@b110000
105    @ay z 000yy
200 1  @a基础电路分析@Aji chu dian lu fen xi@f闻跃等编著@FWen Yue Deng Bian Zhu
205    @a2版
210    @a北京@c北方交通大学出版社@c清华大学出版社@d2003
215    @a347页@d23cm
300    @a国家电工电子教学基地系列教材
330    @a本书着重讲述电路基础知识和基本分析方法,介绍电路分析软件的使用,讨论对象包括含有二端有源和无源元件、受控源、互感、变压器和运算放大器的电路,分析方法包括电路基本定律、基本定理、等效方法、系统化方法以及计算机模拟方法。
606 0  @a电路分析
690    @aTM133@v4
701  0 @a闻跃@4编著
801  0 @aCN@bNLC@c20040108
905    @f5@b346452-456@dTM133@e127=2
    
    基础电路分析/闻跃等编著.-2版.-北京:北方交通大学出版社:清华大学出版社,2003
    347页;23cm
    国家电工电子教学基地系列教材
    
    ISBN 7-81082-196-2:CNY30.00
    本书着重讲述电路基础知识和基本分析方法,介绍电路分析软件的使用,讨论对象包括含有二端有源和无源元件、受控源、互感、变压器和运算放大器的电路,分析方法包括电路基本定律、基本定理、等效方法、系统化方法以及计算机模拟方法。
●
相关链接 在E读中查询图书 在五车中查询图书 在当当中查询图书 在豆瓣中查询图书


正题名:基础电路分析     索取号:TM133/127=2         预约/预借

序号 登录号 条形码 馆藏地/架位号 状态 备注
1 0346452   203464526   第二样本阅览室/ [索取号:TM133/127=2] 在馆    
2 0346453   203464535   第三借阅区/ [索取号:TM133/127=2] 在馆    
3 0346454   203464544   第三借阅区/ [索取号:TM133/127=2] 在馆    
4 0346455   203464553   第三借阅区/ [索取号:TM133/127=2] 在馆    
5 0346456   203464562   第三借阅区/ [索取号:TM133/127=2] 在馆    
唐山师范学院图书馆 欢迎您!
大连网信软件有限公司© 版权所有